Thống kê và ứng dụng Giáo trình dùng cho các trường đại học và cao đẳng

Thống kê mô tả. Đại cương về lí thuyết xác suất.Ước lượng tham số. Kiểm định giả thuyết thống kê. Bài toán so sánh. Bài toán so sánh mở rộng. Phân tích tương quan và hồi quy.

Đã lưu trong:
书目详细资料
主要作者: Đặng Hùng Thắng
格式: 图书
语言:Vietnamese
出版: H. Giáo dục 2015
版:Tái bản lần thứ ba
主题:
标签: 添加标签
没有标签, 成为第一个标记此记录!
Thư viện lưu trữ: Mạng thư viện Đại học Đà Nẵng
LEADER 01495nam a2200373 4500
001 000024017
003 20496
005 20160921090924.0
008 160916s2015 viesd
020 |a 9786040054838  |c 45000đ 
041 0 |a vie 
082 1 4 |a 519.50711  |b ĐĂ-T 
100 1 |a Đặng Hùng Thắng 
245 1 0 |a Thống kê và ứng dụng  |b Giáo trình dùng cho các trường đại học và cao đẳng  |c Đặng Hùng Thắng 
250 |a Tái bản lần thứ ba 
260 |a H.  |b Giáo dục  |c 2015 
300 |a 275 tr.  |b hình vẽ  |c 21 cm. 
500 |a Phụ lục: tr.265-272. 
500 |a Tài liệu tham khảo tr.273 
520 3 |a Thống kê mô tả. Đại cương về lí thuyết xác suất.Ước lượng tham số. Kiểm định giả thuyết thống kê. Bài toán so sánh. Bài toán so sánh mở rộng. Phân tích tương quan và hồi quy. 
650 0 4 |a Thống kê  |v Giáo trình 
653 |a Thống kê 
653 |a Xác suất 
653 |a Toán ứng dụng 
OWN |a LSP 
AVA |a UDN50  |b LSP  |d 519.50711 ĐĂ-T  |e check_holdings  |t Error 5003 Not defined in file expand_doc_bib_avail.  |h N  |k 1 
999 |a From the UDN01 
AVA |a UDN50  |b LSP  |d 519.50711 ĐĂ-T  |e available  |t Error 5001 Not defined in file expand_doc_bib_avail.  |f 50  |g 0  |h N  |i 24  |k 1 
TYP |a Monograph 
TYP |a Printed language 
980 |a Mạng thư viện Đại học Đà Nẵng